<?xml version="1.0" encoding="UTF-8"?>
<collection xmlns="http://www.loc.gov/MARC21/slim">
 <record>
  <leader>01251nam a22002177a 4500</leader>
  <controlfield tag="001">NCT_4_010419</controlfield>
  <controlfield tag="008">240618b        xxu||||| |||| 00| 0 vie d</controlfield>
  <datafield tag="999" ind1=" " ind2=" ">
   <subfield code="c">8467</subfield>
   <subfield code="d">8467</subfield>
  </datafield>
  <datafield tag="020" ind1=" " ind2=" ">
   <subfield code="a">9786043929942</subfield>
   <subfield code="c">169000</subfield>
  </datafield>
  <datafield tag="082" ind1="0" ind2="4">
   <subfield code="2">23rd ed.</subfield>
   <subfield code="a">031.02</subfield>
   <subfield code="b">H161</subfield>
  </datafield>
  <datafield tag="100" ind1="1" ind2=" ">
   <subfield code="a">Hale, Kate</subfield>
   <subfield code="e">Viết lời</subfield>
  </datafield>
  <datafield tag="245" ind1="1" ind2="0">
   <subfield code="a">Factopia! 400 điều sửng sốt nơi xứ sự thật</subfield>
   <subfield code="c">Kate Hale (viết lời); Andy Smith (minh họa); Hồng Trà (dịch)</subfield>
  </datafield>
  <datafield tag="260" ind1=" " ind2=" ">
   <subfield code="a">H.</subfield>
   <subfield code="b">Thế giới</subfield>
   <subfield code="c">2023</subfield>
  </datafield>
  <datafield tag="300" ind1=" " ind2=" ">
   <subfield code="a">208 tr.</subfield>
   <subfield code="b">ảnh màu</subfield>
   <subfield code="c">23cm</subfield>
  </datafield>
  <datafield tag="520" ind1="3" ind2=" ">
   <subfield code="a">Nội dung sách trình bày 400 sự thật khác nhau để khám phá và kinh ngạc, bao gồm đủ mọi chủ đề tự nhiên đến rô-bốt, cơ thể con người cho đến không gian. Mỗi sự thật được trình bày theo một đoạn trích trên trang, có hình minh họa sinh động.</subfield>
  </datafield>
  <datafield tag="653" ind1=" " ind2=" ">
   <subfield code="a">Tham khảo</subfield>
  </datafield>
  <datafield tag="700" ind1="1" ind2=" ">
   <subfield code="a">Smith, Andy</subfield>
   <subfield code="e">Minh họa</subfield>
  </datafield>
  <datafield tag="700" ind1="0" ind2=" ">
   <subfield code="a">Hồng Trà</subfield>
   <subfield code="e">Dịch</subfield>
  </datafield>
  <datafield tag="942" ind1=" " ind2=" ">
   <subfield code="2">ddc</subfield>
   <subfield code="c">BK</subfield>
  </datafield>
  <datafield tag="952" ind1=" " ind2=" ">
   <subfield code="0">0</subfield>
   <subfield code="1">0</subfield>
   <subfield code="2">ddc</subfield>
   <subfield code="4">0</subfield>
   <subfield code="6">031_020000000000000_H161</subfield>
   <subfield code="7">0</subfield>
   <subfield code="9">29151</subfield>
   <subfield code="a">000001</subfield>
   <subfield code="b">000001</subfield>
   <subfield code="d">2024-06-18</subfield>
   <subfield code="o">031.02 H161</subfield>
   <subfield code="p">TK.04368</subfield>
   <subfield code="r">2024-06-18</subfield>
   <subfield code="v">169000.00</subfield>
   <subfield code="w">2024-06-18</subfield>
   <subfield code="y">BK</subfield>
  </datafield>
  <datafield tag="980" ind1=" " ind2=" ">
   <subfield code="a">Thư viện Trường Đại học Nam Cần Thơ</subfield>
  </datafield>
 </record>
</collection>
